| 000 | 01054nam a2200229Ia 4500 | ||
|---|---|---|---|
| 999 |
_c38401 _d38401 |
||
| 001 | 4411 | ||
| 003 | GE_BSU | ||
| 005 | 20190517204629.0 | ||
| 008 | 181216s1990|||| |||||||||||||| ||geo|| | ||
| 040 | _cGE_BSU | ||
| 041 | _ageo | ||
| 080 | _a531(075.8)+531.2 გ–69 | ||
| 100 |
_aგორგიძე, ა. _91282 |
||
| 245 |
_aთეორიული მექანიკის კურსი. წიგნი l : სტატიკა და კინემატიკა / _cა. გორგიძე ; რედ. ვ.გოგსაძე. |
||
| 250 | _aმეხუთე შევს. და გადამუშავებული გამოც. | ||
| 264 |
_aთბილისი :. _bგანათლება, _c1990 . |
||
| 300 |
_a365 გვ :. _c21 სმ. |
||
| 653 | _aთეორიული მექანიკა. სტატიკა, კინემატიკა. | ||
| 653 | _aფიზიკა | ||
| 700 |
_aგოგსაძე, ვ _eრედაქტორი _9496 |
||
| 942 |
_cBK _2udc |
||